|
|
|
|
| LEADER |
01804nam a2200445 a 4500 |
| 001 |
000637088 |
| 003 |
CZ BrMZK |
| 005 |
20081010100743.0 |
| 007 |
ta |
| 008 |
021119s2002 xr f cze d |
| 015 |
|
|
|a cnb001195895
|
| 020 |
|
|
|a 80-86644-09-X
|
| 020 |
|
|
|a 80-85032-84-8
|
| 035 |
|
|
|a (OCoLC)53260704
|
| 040 |
|
|
|a BOA001
|b cze
|
| 043 |
|
|
|a e-xr---
|b e-xr-jm
|2 czenas
|
| 072 |
|
7 |
|a 913(4)
|x Geografie Evropy, reálie, cestování
|2 Konspekt
|9 7
|
| 080 |
|
|
|a 72:904
|2 MRF
|
| 080 |
|
|
|a 502.21(1-751.4)
|2 MRF
|
| 080 |
|
|
|a 913(437.322)
|2 MRF
|
| 080 |
|
|
|a 908(437.322)
|2 MRF
|
| 080 |
|
|
|a (036)
|2 MRF
|
| 100 |
1 |
|
|a Novák, J.
|7 jx20080407022
|4 aut
|
| 245 |
1 |
0 |
|a Lednicko-valtický areál /
|c [text: J. Novák, J. Kulich, E. Dvořáková ; fotografie: J. Kulich, J. Hallady]
|
| 260 |
|
|
|a [Libice nad Cidlinou] :
|b Gloriet,
|c [2002]
|
| 300 |
|
|
|a [24] s. :
|b barev. il. ;
|c 21 cm
|
| 500 |
|
|
|a Vydáno ve spolupráci se Státním památkovým ústavem v Brně
|
| 650 |
0 |
7 |
|a architektonické památky
|7 ph118585
|z Česko
|2 czenas
|
| 650 |
0 |
7 |
|a přírodní památky
|7 ph137870
|z Česko
|2 czenas
|
| 655 |
|
7 |
|a průvodce
|7 fd133154
|2 czenas
|
| 655 |
|
7 |
|a informační publikace
|7 fd132454
|2 czenas
|
| 651 |
|
7 |
|a Lednicko-valtický areál (Česko)
|7 ge129775
|2 czenas
|
| 700 |
1 |
|
|a Kulich, Jan
|7 ola2003188529
|4 aut
|4 pht
|
| 700 |
1 |
|
|a Dvořáková, Eva,
|d 1954 prosinec 30.-
|7 jn19981000894
|4 aut
|
| 700 |
1 |
|
|a Halady, Jan,
|d 1967-
|7 jo20000082763
|4 pht
|
| 710 |
2 |
|
|a Státní památkový ústav v Brně
|7 kn20020321444
|
| 856 |
4 |
1 |
|u http://www.digitalniknihovna.cz/mzk/uuid/uuid:01b29560-6629-11e3-ae59-005056827e52
|y Digitalizovaný dokument
|x NDK
|
| 910 |
|
|
|a BOA001
|b 2-1110.070
|
| 990 |
|
|
|a BK
|
| 996 |
6 |
|
|b 2610175990
|c 2-1110.070
|l MZK
|r Sklad / do 1 hodiny
|n 12
|p p.v.
|w 000637088
|u 000010
|a 1
|e BOA001
|j MZK50
|s P
|